Представление документа в формате RUSMARC

ПолеНазваниеЗначение
  Тип записи a
  Библиографический уровень m
001 Контрольный номер RU/SLIB/B/208713703
005 Дата корректировки 20201206203920.8
010 Индекс ISBN __
d Цена 1-20
101 Язык документа __
a Язык текста rus
200 Заглавие и сведения об ответственности 0_
a Заглавие Конституция (Основной Закон) Российской Советской Федеративной Социалистической Республики. Конституции (Основные Законы) Автономных Советских Социалистических Республик, входящих в состав РСФСР
b Общее обозначение материала Текст
210 Выходные данные __
a Место издания М.
c Издательство Совет. Россия
d Дата издания 1979
215 Физическое описание __
a Объем 704 с.
606 Тематические рубрики __
a Основная рубрика Право
606 Тематические рубрики __
a Основная рубрика Конституции и документы конституционного значения. Органы конституционного контроля
606 Тематические рубрики __
y Географическая подрубрика РСФСР; СССР
610 Ключевые слова __
a Ключевые слова конституции
686 Индексы других классификаций __
a Классификационный индекс 67.400.11-1(2)
801 Источник записи _0
a Страна RU
b Организация Муниципальное бюджетное учреждение культуры "Централизованная библиотечная система" г. Сургут (Центральная городская библиотека им. А. С. Пушкина)
g Правила каталогизации К/Кундохова
801 Источник записи _1
a Страна RU
b Организация Муниципальное бюджетное учреждение культуры "Централизованная библиотечная система" г. Сургут (Центральная городская библиотека им. А. С. Пушкина)
g Правила каталогизации К/Кундохова
852 Данные о местонахождении __
j Шифр хранения 67.400.11-1(2)
c Каталожный индекс 67.400.1(2)-3
i Авторский знак К 65
p Инвентарный номер 16578(п)
901 Тип документа __
t Тип документа m
990 Данные о заказе (DOS) 00
j Количество экземпляров (DOS) 1